00479nam a2200109Ia 4500008004100000050002400041100002300065245014500088260008600233300002000319521003000339140724s9999 xx 000 0 und d aHF 5549b.B826 2007 aBravo, Gian Carlo. 4aThe comparative study and effectiveness of selected recruitment agencies from direct hiring companies in Parañaque /cGian Carlo V. Bravo. aLas Piñas, Philippines :bSouthville International School and Colleges,cc2007. a49 p. :c28 cm. aHuman Resource Management